| 000 | 00439nam a2200157 i 4500 | ||
|---|---|---|---|
| 001 | 90712 | ||
| 003 | ES-MaACL | ||
| 005 | 20230906180536.0 | ||
| 007 | t| | ||
| 008 | 050124s1911 fr ||||1| fre d | ||
| 100 | 1 |
_aLeinekugel le Cocq, Gaston. _971378 |
|
| 245 | 1 | 0 |
_aPonts suspendus / _cG. Leinekugel le Cocq. |
| 260 |
_a[S.l. : _bs.n.], _c1911 ( _eSaint-Amand : _fBussière) |
||
| 300 |
_a2 v. ; _c18 cm. |
||
| 852 |
_aES-MaACL _jD-4391-92 |
||
| 999 |
_c90712 _d90712 |
||